Подробности
| 000 -МАРКЕР |
| контрольное поле |
01620nam2a2200253 4500 |
| 001 - ИДЕНТИФИКАТОР ЗАПИСИ |
| контрольное поле |
rc\3236839 |
| 005 - ИДЕНТИФИКАТОР ВЕРСИИ |
| контрольное поле |
20250609194357.0 |
| 021 ## - НОМЕР ГОСУДАРСТВЕННОЙ РЕГИСТРАЦИИ |
| Код страны |
Российская Федерация |
| Номер |
[74-49976] |
| 035 ## - ДРУГИЕ СИСТЕМНЫЕ НОМЕРА |
| Идентификатор записи |
(NLR Aleph) 007474214 |
| 100 ## - ДАННЫЕ ОБЩЕЙ ОБРАБОТКИ |
| Данные общей обработки |
20130115d1974 |||y0rusy50 ca |
| 101 0# - ЯЗЫК РЕСУРСА |
| Язык текста, звукозаписи и т.д. |
русский |
| 102 ## - СТРАНА ПУБЛИКАЦИИ ИЛИ ПРОИЗВОДСТВА |
| Страна публикации |
Российская Федерация |
| 105 ## - ПОЛЕ КОДИРОВАННЫХ ДАННЫХ: ТЕКСТОВЫЕ МАТЕРИАЛЫ, МОНОГРАФИЧЕСКИЕ |
| Кодированные данные о монографическом текстовом документе |
y g 000yy |
| 200 0# - ЗАГЛАВИЕ И СВЕДЕНИЯ ОБ ОТВЕТСТВЕННОСТИ |
| Основное заглавие |
... за 1973 год |
| Первые сведения об ответственности |
Саратовский государственный университет имени Н. Г. Чернышевского, Зональная научная библиотека, Саратовское областное отделение ОСЧД |
| Последующие сведения об ответственности |
составитель: Л. К. Бурьян |
| 210 ## - ПУБЛИКАЦИЯ, РАСПРОСТРАНЕНИЕ И ДР. |
| Дата издания, распространения и т.д. |
1974 |
| Место издания, распространения и т.д. |
Б. м. |
| 215 ## - ФИЗИЧЕСКАЯ ХАРАКТЕРИСТИКА |
| Специфическое обозначение материала и объем |
23, [4] с. |
| 461 #0 - УРОВЕНЬ НАБОРА |
| Встроенное поле |
001rc\3236837 |
| -- |
2001#$aЧехословакия - курсом социализма$eлитература о ЧССР ...$fНаучная библиотека Саратовского государственного университета им. Н. Г. Чернышевского, Саратовское областное отделение ОСЧД$v... за 1973 год |
| Системный номер (АБИС) связанной записи |
7448486 |
| Место публикации |
Саратов |
| Дата публикации |
1973 |
| Первые сведения об ответственности |
Науч. б-ка Сарат. гос. ун-та им. Н.Г. Чернышевского. Сарат. обл. отд-ние ОСЧД |
| Имя издателя, распространителя и т.д. |
Б. и. |
| Сведения, относящиеся к заглавию |
(Литература о ЧССР... |
| Заглавие |
Чехословакия - курсом социализма |
| Номер тома |
... за 1973 год |
| 702 #1 - ИМЯ ЛИЦА - ВТОРИЧНАЯ ОТВЕТСТВЕННОСТЬ |
| Начальный элемент ввода |
Бурьян |
| Часть имени, кроме начального элемента ввода |
Л. К. |
| Расширение инициалов личного имени |
Людмила Кузьминична |
| Код отношения |
Составитель |
| 852 ## - МЕСТОНАХОЖДЕНИЕ И ШИФР ХРАНЕНИЯ |
| Идентификатор организации |
NLR |
| Шифр хранения (Call Number) |
с571Чехосл/Ч-56 |
| 942 ## - ДОПОЛНИТЕЛЬНЫЕ ЭЛЕМЕНТЫ ЗАПИСИ (АБИС) |
| Тип экземпляра АБИС |
Книга |
| 980 ## - КОЛЛЕКЦИЯ |
| Название коллекции |
Национальная библиография |